000 00440nam a2200145Ia 4500
008 211109s9999||||xx |||||||||||||| ||und||
082 _a510
_bFER-A
100 _aW L, Ferrar
245 0 _aAdvanced Mathematics for Science:A Sequel to Mathematics for Science
260 _bClarendon Press
_aOxford
_c1969
300 _a320p.
630 _xGeneral Stack
650 _aMathematics
_vNatural sciences & mathematics
_xMathematics
942 _cBOOK
999 _c34271
_d34271